| 000 | 00594nam a2200229Ia 4500 | ||
|---|---|---|---|
| 005 | 20241129120121.0 | ||
| 008 | 241129s9999||||xx |||||||||||||| ||und|| | ||
| 020 | _a9781119092322 | ||
| 037 | _aTB | ||
| 040 |
_aSDCL _beng _cSDCL |
||
| 041 |
_aeng _2eng |
||
| 084 |
_aD65,4:92, R2 _qSDCL |
||
| 100 |
_aHuang Yi _9457693 |
||
| 245 | 0 | _aAntennas:From theory to practice | |
| 250 | _a2nd | ||
| 260 |
_aPondicherry _bWiley _c2022 |
||
| 300 | _axxiv,512p. | ||
| 365 |
_aUSD _b116.95 |
||
| 650 | _aElectronic Science | ||
| 942 |
_cTB _hD65,4:92, R2 |
||
| 999 |
_c1233417 _d1233417 |
||